000 004270000a22001690004500
003 LK-CoMWRAF
005 20231103134507.0
008 230817t ||||| |||| 00| 0 eng d
040 _aLK-CoMWRAF
_dLK-CoMWRAF
_eLK-CoMWRAF
041 _aeng
082 _a823
_bTAM
100 _aTammita, R.B.
245 _aThe House is to let :
_bA Novel of Sri Lanka
300 _a483p
650 _aEnglish Fiction--Sri Lanka
942 _cBK
999 _c1572
_d1572